ბათუმის შოთა რუსთაველის სახელმწიფო უნივერსიტეტის ბიბლიოთეკა

სწავლებისა და შეფასების მეთოდები პროფესიულ განათლებაში / (ბიბ.ჩანაწერი № 35489)

000 -ლიდერი
ფიქსირებული სიგრძის საკონტროლო ველი 01698nam a2200277Ia 4500
001 - საკონტროლო ნომერი
საკონტროლო ველი 1349
003 - საკონტროლო ნომრის იდენტიფიკატორი
საკონტროლო ველი GE_BSU
005 - ბოლო ოპერაციის თარიღი და დრო
საკონტროლო ველი 20220301120935.0
008 - ფიქსირებული სიგრძის მონაცემთა ელემენტები - ზოგადი ინფორმაცია
ფიქსირებული სიგრძის საკონტროლო ველი 181216s2008||||ge |||||||||||||| ||geo||
020 ## - წიგნის საერთაშორისო სტანდარტული ნომერი
International Standard Book Number 9789941005350
040 ## - კატალოგიზაციის წყარო
Transcribing agency GE_BSU
041 ## - ენის კოდი
Language code of text/sound track or separate title geo
080 ## - უნივერსალური ათობითი კლასიფიკაციის ინდექსი
Universal Decimal Classification number 377 ს–93
245 ## - ცნობა სათაურის შესახებ
Title სწავლებისა და შეფასების მეთოდები პროფესიულ განათლებაში /
Statement of responsibility, etc [პ./რედ. ანასტასია ქიტიაშვილი ; წიგნი მოამზ.: ლიკა ღლონტი, ნინო ლაბარტყავა, ციცო გვარამაძე ; საქ. განათლ. სამ., ეროვნული სასწ. გეგმ. და შეფასების ცენტრი].
264 ## - წარმოების, გამოცემის, დისტრიბუციის და სხვა ცნობები
გამოცემის, წარმოების, დისტრიბუციის... ადგილი თბილისი,
გამოცემის, წარმოების, დისტრიბუციის... თარიღი 2008.
300 ## - ფიზიკური აღწერა
Extent 156 გვ.:
Other physical details ცხრ. ;
Dimensions 26 სმ.
653 ## - INDEX TERM--UNCONTROLLED
Uncontrolled term პროფესიული განათლება
653 ## - INDEX TERM--UNCONTROLLED
Uncontrolled term პროფესიული სწავლების მეთოდიკა
653 ## - INDEX TERM--UNCONTROLLED
Uncontrolled term მოსწავლეთა ცოდნის შეფასება
700 ## - ADDED ENTRY--PERSONAL NAME
Personal name ქიტიაშვილი, ანასტასია
Relator term რედაქტორი
9 (RLIN) 2706
700 ## - ADDED ENTRY--PERSONAL NAME
Personal name ღლონტი, ლიკა
9 (RLIN) 13578
700 ## - ADDED ENTRY--PERSONAL NAME
Personal name ლაბარტყავა, ნინო
9 (RLIN) 2707
700 ## - ADDED ENTRY--PERSONAL NAME
Personal name გვარამაძე, ციცო
9 (RLIN) 13579
710 ## - ADDED ENTRY--CORPORATE NAME
Corporate name or jurisdiction name as entry element საქ. განათლ. სამ., ეროვნული სასწ. გეგმ. და შეფასების ცენტრი
9 (RLIN) 13580
942 ## - ADDED ENTRY ELEMENTS (KOHA)
Koha item type წიგნი
Source of classification or shelving scheme
ეგზემპლარები
ჩამოწერის სტატუსი დაკარგული ეგზემპლარის სტატუსი კლასიფიკაციის წყარო ან თაროზე გაწყობის სქემა დაზიანების სტატუსი არ გაიცემა მუდმივი მდებარეობა (დაცვის ადგილი) ამჟამინდელი ადგილსამყოფელი თაროზე განთავსების ადგილი შეძენის თარიღი ღირებულება, შესყიდვის ნორმალური ფასი სრული შენახვის შიფრი შტრიხკოდი ბოლო ოპერაციის თარიღი ეგზემპლარის მიმდევრობითი ნომერი (კეტერი?) ფასის ძალაში შესვლის თარიღი ეგზემპლარის სახეობა საჯარო შენიშვნა
          ბათუმის შოთა რუსთაველის სახელმწიფო უნივერსიტეტის მთავარი ბიბლიოთეკა ბათუმის შოთა რუსთაველის სახელმწიფო უნივერსიტეტის მთავარი ბიბლიოთეკა წიგნსაცავი 2018-12-17 8.00 377 ს–93 2910 2018-12-17 2910 2018-12-17 წიგნი 8 ლ.